Niektoré možnosti zdokonaľovania informačného systému o zásobovaní materiálom v podmienkach budovania automatizovaných systémov riadenia v podmienkach decentralizácie výpočtovej techniky

Saved in:
Bibliographic Details
Main Author: Frimmelová, Anna
Corporate Author: Vysoká škola ekonomická v Bratislave. Fakulta riadenia
Other Authors: Sedláček, Jozef
Format: Book
Language:Slovak
Published: Bratislava 1983
Tags: Add Tag
No Tags, Be the first to tag this record!

MARC

LEADER 00000nam a2200000 4500
001 c030923
005 20230116104753.7
041 0 |a slo 
044 |a SK 
245 1 0 |a Niektoré možnosti zdokonaľovania informačného systému o zásobovaní materiálom v podmienkach budovania automatizovaných systémov riadenia  |b v podmienkach decentralizácie výpočtovej techniky  |c Anna Frimmelová ; Ved. práce Jozef Sedláček 
264 1 |a Bratislava  |c 1983 
300 |a 178 s. 
100 1 |a Frimmelová, Anna 
700 1 |a Sedláček, Jozef 
710 2 |a Vysoká škola ekonomická v Bratislave. Fakulta riadenia